000
00304nam a22001217a 4500
008
160519b xxu||||| |||| 00| 0 eng d
020
_a
9780890420621
020
_a
0890420629
041
_a
eng
080
_a
159.9
245
_a
Diagnostic and statistical mental disorders:
_c
Association;
942
_2
udc
_c
BK
999
_c
2244
_d
2244